000 00365 a2200169 4500
001 69681
020 _a8572721789
040 _cAnchieta - Itaigara
100 _aMachado, Ana Maria
240 1 0 _aPortinholas
_lpor
245 1 0 _aPortinholas
300 _a45
362 0 _a2003
440 1 _aMercuryo Jovem
650 4 _aLiteratura infanto-juvenil
942 _cBK
999 _c69681
_d69681